| 000 | 00392nam a2200169Ia 4500 | ||
|---|---|---|---|
| 005 | 20250626023550.0 | ||
| 008 | 240331s9999 xx 000 0 und d | ||
| 020 | _a9559348345 | ||
| 082 |
_bRUS _a392 |
||
| 100 | _aRussal,B | ||
| 245 | 0 | _aVivahaya ha saradharma | |
| 260 |
_aColombo _bSooriya Publishers _c1998 |
||
| 300 | _a179 p ., | ||
| 650 | _aMarriage | ||
| 650 | _aMorale | ||
| 942 | _cL | ||
| 999 |
_c5240 _d5240 |
||